[Event "Mittelrhein Regionalliga 18/19"]
[Site "Nordrheinwestfalen"]
[Date "2019.04.07"]
[Round "9.7"]
[White "Haskelman, Evgen"]
[Black "Koch, Matthias1111"]
[Result "0-1"]
[WhiteElo "2039"]
[BlackElo "1951"]
[PlyCount "58"]
[EventDate "2018.10.28"]
[EventType "team-tourn"]
[EventRounds "11"]
[EventCountry "GER"]
[SourceTitle "EXT 2022"]
[Source "ChessBase"]
[SourceDate "2021.10.06"]
[SourceVersion "1"]
[SourceVersionDate "2021.10.06"]
[SourceQuality "1"]
[WhiteTeam "Bruehl"]
[BlackTeam "Bonn Beuel"]
[WhiteTeamCountry "GER"]
[BlackTeamCountry "GER"]

1. e4 e5 2. Bc4 Nc6 3. Nc3 Nf6 4. d3 Bb4 5. Bg5 d6 6. Nge2 Nd4 7. 0-0 Bxc3 8. bxc3 Ne6 9. Bxe6 fxe6 10. f4 h6 11. fxe5 hxg5 12. exf6 gxf6 13. Ng3 Rh6 14. Nh5 Ke7 15. g4 Bd7 16. Qd2 Qh8 17. Rf2 Rf8 18. Raf1 Be8 19. Ng3 Rh3 20. d4 Qh4 21. e5 dxe5 22. dxe5 Bc6 23. Qe3 Rh8 24. Rxf6 Rxh2 25. Qc5+ Kd8 26. Rf8+ Be8 27. R1f3 Qh3 28. Rd3+ Kc8 29. Rf2 Rh1+ 0-1

[Event "NRW Class1 1617"]
[Site "Germany"]
[Date "2016.09.25"]
[Round "1.5"]
[White "Schulze, Marc Andre"]
[Black "Haskelman, Evgen"]
[Result "1/2-1/2"]
[WhiteElo "2155"]
[BlackElo "2190"]
[PlyCount "51"]
[EventDate "2016.09.25"]
[EventType "team-tourn"]
[EventRounds "9"]
[EventCountry "GER"]
[SourceTitle "EXT 2023"]
[Source "ChessBase"]
[SourceDate "2022.10.05"]
[SourceVersion "1"]
[SourceVersionDate "2022.10.05"]
[SourceQuality "1"]
[WhiteTeam "Plettenberg"]
[BlackTeam "Bruehl"]
[WhiteTeamCountry "GER"]
[BlackTeamCountry "GER"]

1. d4 d5 2. Bf4 Nf6 3. Nf3 e6 4. e3 c5 5. c3 Qb6 6. Qb3 Be7 7. Na3 Bd7 8. Ne5 c4 9. Qxb6 axb6 10. Nxd7 Kxd7 11. Nc2 Nc6 12. Be2 Ne8 13. e4 dxe4 14. Bxc4 Nd6 15. Bxd6 Bxd6 16. d5 exd5 17. Bxd5 f5 18. Ne3 g6 19. 0-0-0 Kc7 20. Be6 Ne5 21. Nd5+ Kc6 22. Nf4 g5 23. Ne2 Nd3+ 24. Rxd3 exd3 25. Nd4+ Kc7 26. Nb5+ 1/2-1/2

[Event "Mittelrhein Regionalliga 15/16"]
[Site "Nordrheinwestfalen"]
[Date "2015.11.15"]
[Round "3.5"]
[White "Haskelman, Evgen"]
[Black "Kewes, Gerd"]
[Result "1-0"]
[WhiteElo "2127"]
[BlackElo "2004"]
[PlyCount "51"]
[EventDate "2015.09.27"]
[EventType "team-tourn"]
[EventRounds "9"]
[EventCountry "GER"]
[SourceTitle "EXT 2022"]
[Source "ChessBase"]
[SourceDate "2021.10.06"]
[SourceVersion "1"]
[SourceVersionDate "2021.10.06"]
[SourceQuality "1"]
[WhiteTeam "Bruehl"]
[BlackTeam "Koeln SF II"]
[WhiteTeamCountry "GER"]
[BlackTeamCountry "GER"]

1. e4 c5 2. Nc3 e6 3. Nge2 Nc6 4. g3 Nf6 5. Bg2 Be7 6. 0-0 0-0 7. d3 Rb8 8. a4 a6 9. f4 d5 10. exd5 exd5 11. f5 d4 12. Ne4 Nxe4 13. Bxe4 Ne5 14. Nf4 Bd7 15. Qh5 Bf6 16. Nd5 Re8 17. Nxf6+ Qxf6 18. Bg5 Qd6 19. f6 g6 20. Qh6 Qf8 21. Qh4 b6 22. Bh6 Qd6 23. Rf4 b5 24. axb5 axb5 25. Bg7 Rb6 26. Qxh7+ 1-0

[Event "Mittelrhein Regionalliga 15/16"]
[Site "Nordrheinwestfalen"]
[Date "2015.10.18"]
[Round "2.5"]
[White "Brueggemann, Frank1111"]
[Black "Haskelman, Evgen"]
[Result "0-1"]
[WhiteElo "1996"]
[BlackElo "2127"]
[PlyCount "52"]
[EventDate "2015.09.27"]
[EventType "team-tourn"]
[EventRounds "9"]
[EventCountry "GER"]
[SourceTitle "EXT 2022"]
[Source "ChessBase"]
[SourceDate "2021.10.06"]
[SourceVersion "1"]
[SourceVersionDate "2021.10.06"]
[SourceQuality "1"]
[WhiteTeam "Aachen PTSV"]
[BlackTeam "Bruehl"]
[WhiteTeamCountry "GER"]
[BlackTeamCountry "GER"]

1. e4 d5 2. exd5 Nf6 3. Bb5+ Bd7 4. Bc4 b5 5. Bb3 Bg4 6. f3 Bc8 7. a4 b4 8. c4 c6 9. dxc6 Nxc6 10. Ne2 e5 11. d4 exd4 12. Bg5 Bc5 13. Nd2 d3 14. Ne4 Bd4 15. Nxd4 Qxd4 16. Bxf6 gxf6 17. Qd2 Bf5 18. 0-0-0 0-0-0 19. Rhe1 Rhe8 20. Ng3 Bg6 21. Rxe8 Rxe8 22. f4 Na5 23. Qxb4 d2+ 24. Rxd2 Nxb3+ 25. Qxb3 Re1+ 26. Rd1 Qxf4+ 0-1

[Event "NRW Class2 1112"]
[Site "Germany"]
[Date "2011.12.04"]
[Round "4.3"]
[White "Wegener, Olaf"]
[Black "Haskelman, Evgen"]
[Result "1/2-1/2"]
[WhiteElo "2402"]
[BlackElo "2201"]
[PlyCount "95"]
[EventDate "2011.09.18"]
[EventType "team-tourn"]
[EventRounds "9"]
[EventCountry "GER"]
[SourceTitle "EXT 2015"]
[Source "ChessBase"]
[SourceDate "2014.11.20"]
[SourceVersion "1"]
[SourceVersionDate "2014.11.20"]
[SourceQuality "1"]
[WhiteTeam "Dortmund Hansa II"]
[BlackTeam "Koeln Ford SF"]
[WhiteTeamCountry "GER"]
[BlackTeamCountry "GER"]

1. e4 d5 2. exd5 Nf6 3. d4 Nxd5 4. c4 Nb6 5. Nf3 Bg4 6. Be2 e6 7. 0-0 Nc6 8. c5 Nd5 9. h3 Bh5 10. Qa4 Bxf3 11. Bxf3 Be7 12. Nc3 Bf6 13. Rd1 0-0 14. Qc4 Nce7 15. Ne4 c6 16. a4 Nf5 17. Ra3 Be7 18. b4 a6 19. a5 Qc7 20. Bg4 Rad8 21. Bxf5 exf5 22. Nd2 Bf6 23. Nf3 Rfe8 24. Bg5 Bxg5 25. Nxg5 Nf4 26. Nf3 Qe7 27. Re3 Qf6 28. Rde1 Re4 29. Rxe4 fxe4 30. Rxe4 Nxh3+ 31. gxh3 Qxf3 32. Qe2 Qxe2 33. Rxe2 Kf8 34. Rd2 Ke7 35. Kg2 Rd7 36. Kf3 Ke6 37. Ke4 f5+ 38. Kd3 Kf6 39. Kc4 Re7 40. d5 cxd5+ 41. Rxd5 Kg5 42. c6 bxc6 43. Rd6 Re4+ 44. Kc3 Re1 45. Kc2 Re2+ 46. Kc3 Re1 47. Kc2 Re2+ 48. Kc3 1/2-1/2

[Event "NRW Class1 0304"]
[Site "Germany"]
[Date "2004.03.28"]
[Round "8.2"]
[White "Haskelman, Evgen"]
[Black "Koehn, Peter"]
[Result "1-0"]
[WhiteElo "2199"]
[BlackElo "2288"]
[PlyCount "103"]
[EventDate "2003.09.28"]
[EventType "team"]
[EventRounds "9"]
[EventCountry "GER"]
[SourceTitle "CBM 098 Extra"]
[Source "ChessBase"]
[SourceDate "2004.03.10"]
[SourceVersion "2"]
[SourceVersionDate "2004.03.10"]
[SourceQuality "1"]
[WhiteTeam "Koeln Brueck"]
[BlackTeam "Wattenscheid II"]
[WhiteTeamCountry "GER"]
[BlackTeamCountry "GER"]

1. e4 Nf6 2. Nc3 d6 3. d4 g6 4. f4 Bg7 5. Nf3 0-0 6. Be2 c5 7. Be3 cxd4 8. Nxd4 Nc6 9. Nb3 Be6 10. g4 Na5 11. f5 Bc4 12. Nxa5 Bxe2 13. Qxe2 Qxa5 14. 0-0 Rfc8 15. g5 Rxc3 16. gxf6 Rxe3 17. Qxe3 Bxf6 18. c3 Rc8 19. Kh1 Rc4 20. Qd3 Qa4 21. fxg6 Rxe4 22. gxf7+ Kxf7 23. Qd5+ Ke8 24. Qxb7 Re2 25. Rg1 Qc4 26. Rg2 Rxg2 27. Qxg2 Be5 28. a3 a6 29. Re1 Qd3 30. Qc6+ Kf7 31. Qe4 Qd2 32. Rf1+ Bf6 33. Qxh7+ Ke8 34. Qg6+ Kd7 35. Qg2 Qd3 36. Qf3 Qd2 37. Qb7+ Ke6 38. Qg2 Qd3 39. Qf3 Qd2 40. Qf5+ Kf7 41. c4 Qxb2 42. Qd5+ Ke8 43. a4 Kd7 44. Qf5+ Kc7 45. Rb1 Qa2 46. Qa5+ Kd7 47. Rb7+ Ke8 48. Rb8+ Kf7 49. Qd5+ Kg7 50. Rg8+ Kh6 51. Qf5 Qb1+ 52. Qxb1 1-0

[Event "NRW Class1 0304"]
[Site "Germany"]
[Date "2003.12.07"]
[Round "4.2"]
[White "Haskelman, Evgen"]
[Black "Rosen, Bernd"]
[Result "0-1"]
[WhiteElo "2199"]
[BlackElo "2292"]
[PlyCount "64"]
[EventDate "2003.09.28"]
[EventType "team"]
[EventRounds "9"]
[EventCountry "GER"]
[SourceTitle "CBM 098 Extra"]
[Source "ChessBase"]
[SourceDate "2004.03.10"]
[SourceVersion "2"]
[SourceVersionDate "2004.03.10"]
[SourceQuality "1"]
[WhiteTeam "Koeln Brueck"]
[BlackTeam "Katernberg II"]
[WhiteTeamCountry "GER"]
[BlackTeamCountry "GER"]

1. e4 c5 2. Nc3 Nc6 3. g3 g6 4. Bg2 Bg7 5. d3 d6 6. Be3 e5 7. Qd2 Nge7 8. Bh6 Bxh6 9. Qxh6 Nd4 10. Qd2 Qa5 11. h3 Be6 12. Nge2 0-0 13. f4 f6 14. g4 Nxe2 15. Kxe2 exf4 16. Qxf4 Rad8 17. Rae1 Qb6 18. Kd2 Nc6 19. Kc1 Nd4 20. Kb1 Rde8 21. Rhf1 c4 22. Qe3 cxd3 23. Qxd3 Rc8 24. Rd1 Rc4 25. e5 dxe5 26. Nd5 Qc5 27. Nxf6+ Kg7 28. c3 Ra4 29. b3 Qa3 30. Qd2 Rxf6 31. bxa4 Bxa2+ 32. Qxa2 Rb6+ 0-1

[Event "NRW Class1 0304"]
[Site "Germany"]
[Date "2003.11.09"]
[Round "3.2"]
[White "Haskelman, Evgen"]
[Black "Wolf, Andre"]
[Result "1/2-1/2"]
[WhiteElo "2199"]
[BlackElo "2262"]
[PlyCount "131"]
[EventDate "2003.09.28"]
[EventType "team"]
[EventRounds "9"]
[EventCountry "GER"]
[SourceTitle "CBM 098 Extra"]
[Source "ChessBase"]
[SourceDate "2004.03.10"]
[SourceVersion "2"]
[SourceVersionDate "2004.03.10"]
[SourceQuality "1"]
[WhiteTeam "Koeln Brueck"]
[BlackTeam "Herford"]
[WhiteTeamCountry "GER"]
[BlackTeamCountry "GER"]

1. e4 d5 2. exd5 Qxd5 3. Nc3 Qa5 4. d4 Nf6 5. Bc4 Bg4 6. Nge2 e6 7. 0-0 Nbd7 8. f3 Bf5 9. Ng3 Bg6 10. f4 0-0-0 11. f5 exf5 12. Bd3 Ne4 13. Ncxe4 fxe4 14. Bxe4 Bxe4 15. Nxe4 f6 16. Qg4 Kb8 17. c3 Nb6 18. b3 Qd5 19. Bd2 Qd7 20. Qxd7 Rxd7 21. Rae1 Be7 22. Re2 Bd8 23. Rfe1 Re7 24. Nc5 Rxe2 25. Rxe2 Kc8 26. Ne6 Rg8 27. c4 Kd7 28. Nc5+ Kc8 29. Ne6 Kd7 30. Kf1 Kc8 31. d5 Nd7 32. Bf4 a6 33. Bg3 Nb6 34. h3 Kd7 35. Nxd8 Rxd8 36. Ke1 a5 37. a4 Rc8 38. Bf2 Na8 39. Re4 c6 40. dxc6+ Rxc6 41. Ke2 Nc7 42. Kd1 Ne6 43. Kc2 h6 44. Be1 Rc5 45. Bd2 b6 46. Be3 Rc6 47. Bf2 Rd6 48. Kc3 Rc6 49. Re2 Rd6 50. Bg3 Rd1 51. Kc2 Rd4 52. Bf2 Rd6 53. Rd2 Rxd2+ 54. Kxd2 Kc6 55. g3 Ng5 56. Ke3 Nxh3 57. Be1 Ng5 58. Kf4 g6 59. b4 axb4 60. Bxb4 Ne6+ 61. Ke3 f5 62. a5 bxa5 63. Bxa5 Kc5 64. Kd3 f4 65. Be1 fxg3 66. Bxg3 1/2-1/2